000 00332 a2200109 4500
001 ART_42685
005 20260410162006.0
008 260409a
245 1 0 _aAcerca del abordaje de los conflictos sanitarios
100 1 _aDíaz, Ana I.
773 0 _tTemas de derecho civil
_g- Año 3, Nº 7 (jul. 2017)
_wREV34778
999 _c31694
_d31694